Czy znasz TOP 25 klubów europejskich wg rankingu UEFA? - Statystyki

Ogólne statystyki
  • Ten quiz został rozwiązany 558 razy
  • Średni wynik to 18 z 25
Statystyki odpowiedzi
Miejsce Nazwa Klubu % Poprawnych
1. Real Madrid Club de Fútbol
99%
3. FC Barcelona
98%
15. Olympique Lyon
97%
6. Manchester City
96%
9. Manchester United
95%
7. Paris Saint Germain
94%
4. Fußball-Club Bayern München
93%
14. Chelsea Football Club
90%
5. Juventus Football Club SpA
90%
8. Liverpool
90%
13. Borussia Dortmund
87%
10. Arsenal Football Club
86%
2. Club Atlético de Madrid
86%
12. Tottenham Hotspur
75%
16. SSC Napoli
66%
11. Sevilla FC
62%
18. FC Porto
59%
20. Ajax Amsterdam
55%
19. AS Roma
51%
21. Benfica Lizbona
44%
23. Bayer Leverkusen
39%
22. Zenit Sankt Petersburg
29%
17. Szachtar Donieck
26%
24. Villarreal CF
23%
25. Dynamo Kijów
22%
Nie znaleziono quizów pasujących do podanych kryteriów
Rozkład punktacji
Procent ludzi z każdym wynikiem
Percentyl według liczby udzielonych odpowiedzi
Twoja historia wyników
Nie rozwiązałeś tego quizu